000 00774cam a2200265 a 4500
003 EG-GiCUC
008 771105s1956 fr bd 000 0 fre c
010 _aa 57001436
040 _aKentucky. Univ. Libr.
_cGAuA
_dOCoLC
_dNBrockU
_dDLC
042 _apremarc
050 0 0 _aPC2460
_b.T46
092 0 4 _a443.1
_bT4542 1956
_221
099 _a04
_a443.1 T4542 1956
100 1 _aThomas, Adolphe V.
245 1 0 _aDictionnaire des difficultes de la langue francaise.
260 _aParis:
_bLarousse;
_c[1956]
300 _axi, [1], 435 p;
_c20 cm.
504 _aBibliography: p. [xii]
650 0 _aFrench language
_vDictionaries.
650 0 _aFrench language
_xErrors of usage.
902 _a2
905 _aIbrahim
_eRev
905 _aJamal
_eCat.
942 _2ddc
_cREF
999 _c105120
_d105120